• 首页
  • 本馆介绍
  • 公告通知
  • 最新文献
  • 馆藏检索
  • 电子资源
  • 读者导购
  • 参考咨询
  • 我的图书馆
  • 登录
  • 详细信息显示
  • 放入我的书架
  • 预约/预借图书
  • 作者相关作品
  • 分类相关作品
  • 丛书相关作品
  • 出版社相关作品

书目信息

  • 表格格式
  • 工作单格式
  • 卡片格式
题名:
剩余价值学说史
    
 
作者: 马克思 著 ;郭大力 译
分册: 第一卷  
出版信息: 北京   人民出版社  1975.12
页数: 470页
开本: 21cm
丛书名:
单 册:
中图分类: A12
科图分类:
主题词: 马恩著作--单行本
电子资源:
ISBN:
000 00573nam0 2200205 45
001 0181023471
005 20070801153200.78
010    @dCNY1.40@b精装
091    @a1001.930
100    @a20810111d km y0chiy0120 ea
101 0  @achi
200 1  @a剩余价值学说史@ASheng Yu Jia Zhi Xue Shuo Shi@h第一卷@f马克思著@FMa KeSi Zhu@g郭大力译
210    @a北京@c人民出版社@d1975.12
215    @a470页@d21cm
606 0  @a马恩著作@x单行本
690    @aA12@v3
701 0  @a马克思@4著
702  0 @a郭大力@AGuo Da Li@4译
801    @aCN@bTSTC@c20070801
905    @dA12@e21:1@f1@b202586
    
    剩余价值学说史.第一卷/马克思著/郭大力译.-北京:人民出版社,1975.12
    470页;21cm
    
    
    ISBN (精装):CNY1.40
    
●
相关链接 在E读中查询图书 在五车中查询图书 在当当中查询图书 在豆瓣中查询图书


正题名:剩余价值学说史     索取号:A12/21:1         预约/预借

序号 登录号 条形码 馆藏地/架位号 状态 备注
1 0170443   000949503   第一借阅区/ [索取号:A12/21:1] 在馆    
2 0202584   000948381   第一借阅区/ [索取号:A12/21:1] 在馆    
3 0202586   000948372   第一样本阅览室/ [索取号:A12/21:1] 在馆    
4 0766997   207669977   密集书库/ [索取号:A12/21:1] 在馆    
5 0790076   207900761   密集书库/ [索取号:A12/21:1] 在馆    
6 0791118   207911189   密集书库/ [索取号:A12/21:1] 在馆    
唐山师范学院图书馆 欢迎您!
大连网信软件有限公司© 版权所有